• 首页
  • 本馆介绍
  • 公告通知
  • 最新文献
  • 馆藏检索
  • 电子资源
  • 读者荐购
  • 参考咨询
  • CALIS
  • 我的图书馆
  • 登录
  • 详细信息显示
  • 放入我的书架
  • 预约/预借图书
  • 作者相关作品
  • 分类相关作品
  • 丛书相关作品
  • 出版社相关作品

书目信息

  • 表格格式
  • 工作单格式
  • 卡片格式
题名:
沉静的欢乐
    
 
作者: 赵玫 著
分册:  
出版信息: 北京   作家出版社  2008
页数: 275页
开本: 23cm
丛书名:
单 册:
中图分类: I267
科图分类:
主题词: 散文--san wen--中国--现代--选集
电子资源:
ISBN: 978-7-5063-4116-5
 
 
 
 
 
000 00605nam0 2200217 450
001 003741330
005 20080918161223.76
010    @a978-7-5063-4116-5@dCNY28.00
100    @a20080424d2008 em y0chiy0110 ea
101 0  @achi
102    @aCN@b110000
105    @aa z 000cy
200 1  @a沉静的欢乐@Achen jing de huan le@d= The silent joy@f赵玫著@zeng
210    @a北京@c作家出版社@d2008
215    @a275页@c图@d23cm
510 1  @aSilent joy@zeng
606 0  @a散文@Asan wen@y中国@z现代@j选集
690    @aI267@v4
701  0 @c(满)@a赵玫@Azhao mei@4著
801  0 @aCN@c20080918
905    @dI267@eZ3131
    
    沉静的欢乐= The silent joy/赵玫著.-北京:作家出版社,2008
    275页:图;23cm
    
    
    ISBN 978-7-5063-4116-5:CNY28.00
    
●
相关链接 在E读中查询图书 在当当中查询图书 在豆瓣中查询图书


正题名:沉静的欢乐     索取号:I267/Z3131         预约/预借

序号 登录号 条形码 馆藏地/架位号 状态 备注
1 678833   206788332   社科二线400B/116文学库 8排5列6层/ [索取号:I267/Z3131] 在馆    
2 678834   206788341   社科二线400B/116文学库 8排5列6层/ [索取号:I267/Z3131] 在馆    
3 678835   206788350   社科二线422/422社科库 31排4列1层/ [索取号:I267/Z3131] 在馆    
河南城建学院图书馆 欢迎您!
大连网信软件有限公司© 版权所有